A Programmed introduction to PERT (Record no. 77261)

MARC details
000 -LEADER
fixed length control field 00765nam a2200181 a 4500
008 - FIXED-LENGTH DATA ELEMENTS--GENERAL INFORMATION
fixed length control field 120416s1963 ||||||||||||||||| || u
050 ## - LIBRARY OF CONGRESS CALL NUMBER
Classification number HD 69.P7 Fed
110 ## - MAIN ENTRY--CORPORATE NAME
Corporate name or jurisdiction name as entry element Federal Electric Corporation
245 12 - TITLE STATEMENT
Title A Programmed introduction to PERT
246 ## -
-- program evaluation and review technique
260 ## - PUBLICATION, DISTRIBUTION, ETC.
Place of publication, distribution, etc. New York
Name of publisher, distributor, etc. John Wiley and Sons
Date of publication, distribution, etc. 1963
300 ## - PHYSICAL DESCRIPTION
Extent x, 145p. : ill.
350 ## -
-- 0.00
650 #0 - SUBJECT ADDED ENTRY--TOPICAL TERM
Topical term or geographic name entry element MANAGEMENT
650 ## - SUBJECT ADDED ENTRY--TOPICAL TERM
Topical term or geographic name entry element PROGRAMME EVALUATION
995 ## -
-- BINDERY (DAMAGED)
-- 0.00
-- 706346
-- CBU-MAIN LIBRARY (Kitwe)
-- 2
-- 0.00
-- HD 69.P7 Fed
-- 1
-- DAMAGED
-- 004616
-- Main Library Open Access Collection
995 ## -
-- BINDERY (DAMAGED)
-- 0.00
-- 706347
-- CBU-MAIN LIBRARY (Kitwe)
-- 1
-- 0.00
-- HD 69.P7 Fed
-- 1
-- DAMAGED
-- 004615
-- Main Library Open Access Collection
999 ## -
-- 77261
-- 77261
Holdings
Withdrawn status Lost status Source of classification or shelving scheme Damaged status Not for loan Permanent Location Current Location Shelving location Date acquired Total Checkouts Full call number Barcode Date last seen Copy number Price effective from Koha item type
          CBU-MAIN LIBRARY, KITWE. CBU-MAIN LIBRARY, KITWE.   04/25/2023   HD 69.P7 Fed 004616 04/25/2023 1 04/25/2023 MONOGRAPH
          CBU-MAIN LIBRARY, KITWE. CBU-MAIN LIBRARY, KITWE.   04/25/2023   HD 69.P7 Fed 004615 04/25/2023 2 04/25/2023 MONOGRAPH